| 000 | 005000000a22001930004500 | ||
|---|---|---|---|
| 001 | 003531 | ||
| 003 | MACL | ||
| 005 | 20150731144707.0 | ||
| 008 | 150731b xxu||||| |||| 00| 0 eng d | ||
| 040 |
_aMACL _cMACL |
||
| 041 | _aEnglish | ||
| 082 | _a360/IRA | ||
| 100 |
_aIrani, C.R. _93747 |
||
| 245 |
_aCorruption and Criminalisation In Public life _cC.R. Irani |
||
| 260 |
_aCalcutta _c2007 _bCalcutta Journalists Club, |
||
| 350 | _a10 | ||
| 650 |
_aSocial Science _93748 |
||
| 942 |
_k360 _cBK _2ddc |
||
| 999 |
_c15431 _d15431 |
||